Die zergliederten und erläuterten sonn-und festtäglichen Evangelien, Lektionen und Episteln, ...

Bibliographic Details
Format: Book
Language:English
PhysicalDescription:156, 1, 200, 1 s.
Published: Tyrnau Kön. Universitätschristen 1787

MARC

LEADER 00000nam a2200000 a 4500
001 vtls008828071
003 SK-MaSNL
005 20260224135436.0
008 060701 000 0 eng
040 |a SNK  |b slo  |c SNK  |e AACR2 
245 1 4 |a Die zergliederten und erläuterten sonn-und festtäglichen Evangelien, Lektionen und Episteln, ... 
260 |a Tyrnau  |b Kön. Universitätschristen  |c 1787 
300 |a 156, 1, 200, 1 s. 
500 |a 2. časť v maď. jaz. z r. 1781 
999 |c 1031413  |d 1033343 
952 |a SNK  |b SNK  |y PREZ  |7 0  |p 17A0515544  |o snkSD 14290/1-2  |i snk8881-82/57  |3 rekatalogizácia  |0 0  |1 0  |4 0  |d 2006-07-01  |l 0  |r 2025-11-27 00:00:00  |w 2026-02-24